All Crayola Crayons Currently Being Produced - Statistics

General Stats
  • This quiz has been taken 54 times
  • The average score is 40 of 106
Answer Stats
Answer % Correct
Red
98%
Blue
95%
Orange
95%
Green
93%
Yellow
93%
Black
90%
Brown
90%
Gray
90%
White
88%
Violet
83%
Gold
76%
Silver
76%
Tan
73%
Peach
71%
Blue-Green
68%
Navy Blue
68%
Red-Orange
68%
Magenta
63%
Turquoise Blue
63%
Yellow-Green
61%
Forest Green
59%
Sky Blue
59%
Yellow-Orange
59%
Copper
56%
Periwinkle
56%
Aquamarine
54%
Indigo
54%
Salmon
51%
Apricot
49%
Brick Red
49%
Burnt Sienna
49%
Green-Yellow
49%
Red-Violet
49%
Lavender
46%
Maroon
46%
Blue-Violet
44%
Goldenrod
44%
Olive Green
44%
Scarlet
44%
Violet-Red
41%
Plum
39%
Carnation Pink
37%
Mahogany
37%
Banana Mania
34%
Burnt Orange
34%
Cerulean
34%
Cornflower
34%
Melon
34%
Macaroni and Cheese
32%
Sea Green
32%
Bluetiful
29%
Cadet Blue
29%
Denim
29%
Eggplant
29%
Raw Sienna
29%
Spring Green
29%
Blush
27%
Midnight Blue
27%
Pine Green
27%
Robin's Egg Blue
27%
Almond
24%
Fern
24%
Fuchsia
24%
Inchworm
24%
Royal Purple
24%
Sepia
24%
Shadow
24%
Timberwolf
24%
Tropical Rain Forest
24%
Asparagus
22%
Cerise
22%
Granny Smith Apple
22%
Orchid
22%
Purple Mountains' Majesty
22%
Antique Brass
20%
Fuzzy Wuzzy
20%
Jungle Green
20%
Purple Heart
20%
Razzmatazz
20%
Sunset Orange
20%
Tickle Me Pink
20%
Wisteria
20%
Bittersweet
17%
Caribbean Green
17%
Chestnut
17%
Cotton Candy
17%
Jazzberry Jam
17%
Pacific Blue
17%
Wild Strawberry
17%
Canary
15%
Mango Tango
15%
Mauvelous
15%
Outer Space
15%
Piggy Pink
15%
Shamrock
15%
Tumbleweed
15%
Wild Blue Yonder
15%
Beaver
12%
Desert Sand
12%
Manatee
12%
Pink Sherbert
12%
Blue Bell
10%
Mountain Meadow
10%
Pink Flamingo
10%
Vivid Tangerine
10%
Vivid Violet
7%
No matching quizzes found
Score Distribution
Percent of People with Each Score
Percentile by Number Answered
Your Score History
You have not taken this quiz